000
00182 a2200097 4500
020
_a
9788489163478
041
_a
spa
100
_a
William Shakespeare
245
_a
Hamlet
942
_c
K
999
_c
26491
_d
26491